Procesos de reconocimiento y hechos de discriminación frente a la tipología de familias homoparentales en el corregimiento de Riofrio, municipio Zona Bananera, del Departamento de Magdalena (Registro nro. 608)

Detalles MARC
000 -LEADER
fixed length control field 02861nam a2200265Ia 4500
003 - CONTROL NUMBER IDENTIFIER
control field CO-CtgCURN
005 - DATE AND TIME OF LATEST TRANSACTION
control field 20250719141621.0
008 - FIXED-LENGTH DATA ELEMENTS--GENERAL INFORMATION
fixed length control field 220708s2022 xx 000 0 und d
040 ## - CATALOGING SOURCE
Original cataloging agency CO-CtgCURN
Language of cataloging spa
Transcribing agency coctgcurn
082 ## - DEWEY DECIMAL CLASSIFICATION NUMBER
Classification number TSO 2022
Item number P438p
100 ## - MAIN ENTRY--PERSONAL NAME
Personal name Pérez Pérez, Marian Julia
Relator term autora
9 (RLIN) 5886
245 #0 - TITLE STATEMENT
Title Procesos de reconocimiento y hechos de discriminación frente a la tipología de familias homoparentales en el corregimiento de Riofrio, municipio Zona Bananera, del Departamento de Magdalena
Medium [electronic resource] /
Statement of responsibility, etc. Marian Julia Pérez Pérez; asesor., Cristian Erney Mejía Ramírez
260 ## - PUBLICATION, DISTRIBUTION, ETC.
Place of publication, distribution, etc. Barranquilla, Atlántico :
Name of publisher, distributor, etc. Corporación Universitaria Rafael Núñez,
Date of publication, distribution, etc. 2022
300 ## - PHYSICAL DESCRIPTION
Extent 1 recurso en línea (91 páginas (PDF)) :
Other physical details tablas, imágenes, gráficas
502 ## - DISSERTATION NOTE
Dissertation note Trabajo de Grado (Trabajadora Social). Corporación Universitaria Rafael Núñez. Facultad de Ciencias Sociales y Humanas. Programa de Trabajo Social, 2022
504 ## - BIBLIOGRAPHY, ETC. NOTE
Bibliography, etc. note Incluye referencias bibliográficas
520 ## - SUMMARY, ETC.
Summary, etc. La presente investigación tiene como objetivo principal develar los procesos de reconocimiento y hechos de discriminación frente a las tipologías de familias homoparentales en el corregimiento de Riofrío, Municipio Zona Bananera del departamento de Magdalena, con ello se pretendió tener un acercamiento al contexto próximo de esta tipología familiar para evidenciar sus experiencias en cuanto al fenómeno de la discriminación y el reconocimiento del concepto de familia homoparental mediante los procesos que se estén llevando a cabo por el ente correspondiente. Dentro de los hallazgos más importantes se encuentra la identificación de las etapas del ciclo vital de las familias y el ciclo de vida en el que se encuentran sus miembros. También la evidencia de discriminación por interseccionalidad y homofobia personal e interpersonal. Por último, se denota la falta de acciones positivas que permitan abordar a las familias homoparentales desde su individualidad o como grupo, puesto que las acciones desarrolladas por el ente municipal se dan más para el movimiento LGTBIQ+ en general y no existe ningún tipo de programa o actividad donde se integren o participen y permita el posicionamiento y empoderamiento de estas como modelo de familia, ante los residentes del corregimiento de Riofrio, Municipio Zona Bananera.
521 ## - TARGET AUDIENCE NOTE
Target audience note AREA PROFESIONAL
590 ## - LOCAL NOTE (RLIN)
Local note Programa de Trabajo Social_26
650 ## - SUBJECT ADDED ENTRY--TOPICAL TERM
Topical term or geographic name entry element Trabajo Social
Form subdivision Tesis y disertaciones académicas
9 (RLIN) 5887
700 ## - ADDED ENTRY--PERSONAL NAME
Personal name Mejía Ramírez, Cristian Erney
Relator term asesor
9 (RLIN) 5888
856 ## - ELECTRONIC LOCATION AND ACCESS
Uniform Resource Identifier <a href="https://unicurn.sharepoint.com/:b:/s/biblioteca/ERvFWWsiASJDkbaGPidaGu0BCuOs3lJNswkAxppgY-q1DQ?e=ZFackS">https://unicurn.sharepoint.com/:b:/s/biblioteca/ERvFWWsiASJDkbaGPidaGu0BCuOs3lJNswkAxppgY-q1DQ?e=ZFackS</a>
Link text Consulte aquí el texto completo
942 ## - ADDED ENTRY ELEMENTS (KOHA)
Koha item type Trabajos de grado
Classification part TSO 2022
Item part P438p
Source of classification or shelving scheme Dewey Decimal Classification
Suppress in OPAC No
Existencias
Withdrawn status Lost status Source of classification or shelving scheme Damaged status Not for loan Collection Home library Current library Shelving location Date acquired Inventory number Total checkouts Full call number Barcode Date last seen Copy number Price effective from Koha item type
    Dewey Decimal Classification     Trabajos de grado Miguel Henríquez Castañeda Barranquilla Miguel Henríquez Castañeda Barranquilla Trabajo de grado 07/08/2022 05103   TSO 2022 P438p 05103 07/08/2022 ej.1 07/08/2022 Trabajos de grado